• 首页
  • 本馆介绍
  • 公告通知
  • 最新文献
  • 馆藏检索
  • 电子资源
  • 读者导购
  • 参考咨询
  • 我的图书馆
  • 登录
  • 详细信息显示
  • 放入我的书架
  • 预约/预借图书
  • 作者相关作品
  • 分类相关作品
  • 丛书相关作品
  • 出版社相关作品

书目信息

  • 表格格式
  • 工作单格式
  • 卡片格式
题名:
少儿语言艺术训练
    
 
作者: ;语言小博士研发团队 编著
分册: 2   基础篇
出版信息: 北京   中国传媒大学出版社  2018.11
页数: 149页
开本: 26cm
丛书名:
单 册:
中图分类: H019 , G613.2
科图分类:
主题词: 语言艺术--儿童教育--教材 , 教育--各级
电子资源:
ISBN: 978-7-5657-2387-2
000 00884nam0 2200265 45
001 012001001713
005 20210923081424.58
010    @a978-7-5657-2387-2@dCNY58.00
100    @a20200408d2019 em y0chiy0110 ea
101 0  @achi
102    @aCN@b110000
105    @aa z 000yy
106    @ar
200 1  @a少儿语言艺术训练@Ashao er yu yan yi shu xun lian@i基础篇@h2@e4-6岁@f语言小博士研发团队编著
210    @a北京@c中国传媒大学出版社@d2018.11
215    @a149页@c彩图@d26cm
300    @a语言小博士系列教材
330    @a本书是为4-6岁的少儿编写的语言训练教材。分为九个单元:复韵母、前鼻韵母、超级演说、后鼻韵母等。
606 0  @a语言艺术@x儿童教育@j教材
606 0  @a教育@x各级
690    @aH019@v5
690    @aG613.2@v3
711 02 @a语言小博士研发团队@Ayu yan xiao bo shi yan fa tuan dui@4编著
801    @aCN@bAHXH@c20210922
905    @b1252442-6@dG613.2@e2005:2@f5
    
    少儿语言艺术训练.基础篇.2:4-6岁/语言小博士研发团队编著.-北京:中国传媒大学出版社,2018.11
    149页:彩图;26cm
    语言小博士系列教材
    
    ISBN 978-7-5657-2387-2:CNY58.00
    本书是为4-6岁的少儿编写的语言训练教材。分为九个单元:复韵母、前鼻韵母、超级演说、后鼻韵母等。
●
相关链接 在E读中查询图书 在五车中查询图书 在当当中查询图书 在豆瓣中查询图书


正题名:少儿语言艺术训练     索取号:G613.2/2005:2         预约/预借

序号 登录号 条形码 馆藏地/架位号 状态 备注
1 1252442   212524428   第一样本阅览室/ [索取号:G613.2/2005:2] 在馆    
2 1252443   212524437   教育系资料室/ [索取号:G613.2/2005:2] 在馆    
3 1252444   212524446   教育系资料室/ [索取号:G613.2/2005:2] 在馆    
4 1252445   212524455   第四借阅区/ [索取号:G613.2/2005:2] 在馆    
5 1252446   212524464   第四借阅区/ [索取号:G613.2/2005:2] 在馆    
唐山师范学院图书馆 欢迎您!
大连网信软件有限公司© 版权所有